000
00214 a2200097 4500
001
24835
100
_a
Stimpson, G
245
_a
Book about a thousand things, A
260
_a
_b
Harper
_c
1946
090
_c
16785
_d
16785
942
_a
NUST-CAE
_c
M
_c
7541
999
_c
259908
_d
259908